|
|
|
|
| LEADER |
01047nam a22002892a 4500 |
| 001 |
000096406 |
| 003 |
CZ BrMZK |
| 005 |
20171102063902.0 |
| 007 |
ta |
| 008 |
950101s1991 xr a f cze d |
| 015 |
|
|
|a cnb000062556
|
| 020 |
|
|
|a 80-85237-05-9
|
| 040 |
|
|
|a BOA001
|b cze
|
| 041 |
1 |
|
|a cze
|h eng
|
| 080 |
9 |
|
|a 267.12:323.282(437)"195/6"
|
| 100 |
1 |
|
|a Korbel, Josef,
|d 1907-2002
|7 jn20000728308
|4 aut
|
| 245 |
1 |
0 |
|a V nepřátelském táboře /
|c Josef Korbel
|
| 250 |
|
|
|a 1. vyd.
|
| 260 |
|
|
|a Ostrava :
|b Vydavatelství Křesťanských sborů,
|c 1991
|
| 300 |
|
|
|a 135 s. :
|b il.
|
| 500 |
|
|
|a Přeloženo z angličtiny
|
| 500 |
|
|
|a Dostupné též v digitální podobě v aplikaci Kramerius
|
| 856 |
4 |
1 |
|u http://www.digitalniknihovna.cz/mzk/uuid/uuid:9aa1d410-c3a0-11e7-9c14-005056827e51
|y Digitalizovaný dokument
|x NDK
|
| 910 |
|
|
|a BOA001
|b 2-0968.476
|
| 964 |
|
|
|a Armáda spásy - pronásledování - Československo
|
| 990 |
|
|
|a BK
|
| 996 |
6 |
|
|b 2619986404
|c 2-0968.476
|l MZK
|r Sklad / do 1 hodiny
|n 10
|w 000096406
|u 000010
|a 1
|e BOA001
|j MZK50
|s P
|